Seperti api dalam sekam

Bibliographic Details
Main Author: Haji Bahasa Othman
Format: Book
Published: KL : Edition Plus Sdn. Bhd , 2009
Series:Kisah teladan dalam perumpamaan
Subjects:

MARC

LEADER 00000cam a2200000 7i4500
001 0000031773
005 20220105104050.0
008 120405
020 |a 9675031991 
090 0 0 |a JP   |b NS MAL 
100 0 |a Haji Bahasa Othman 
245 1 0 |a Seperti api dalam sekam   |c Haji Bahasa Othman 
260 |a KL :   |b Edition Plus Sdn. Bhd ,   |c 2009 
440 |a Kisah teladan dalam perumpamaan 
500 |a Children age 4-6 years old (yellow) 
650 0 |a Malay language   |x Readers   |x Didactic fiction 
999 |a 0001141958   |b Book   |c Children Collection   |e Perbadanan Perpustakaan Awam Johor 
999 |a 0001141959   |b Book   |c Children Collection   |e Perbadanan Perpustakaan Awam Johor 
999 |a 0001141960   |b Book   |c Children Collection   |e Cawangan Muar